000 00718nam a2200241 i 4500
001 8828
003 ES-MaACL
005 20240201133415.0
007 t|
008 921002s1991 sp |||| | spa d
020 _a84-87095-809-35-6
080 _a930.85"1950/..."
100 1 _aParís, Carlos,
_d1925-2014
_989133
245 1 0 _aCrítica de la civilización nuclear
_b: tecnología y violencia /
_cCarlos París.
260 _aMadrid :
_bLibertarias/Prodhufi,
_c[1991]
300 _aXXX, 351 p. ;
_c20 cm.
490 1 _aUniversidad ;
_v4
650 _aCivilización-
_y1945-
_9160060
830 0 _aUniversidad ;
_v4
_9178301
852 _aES-MaACL
_jL-16219
942 _2udc
999 _c8828
_d8828